| 000 | 00483nam a22001817a 4500 | ||
|---|---|---|---|
| 999 |
_c11709 _d11709 |
||
| 008 | 201230b ||||| |||| 00| 0 eng d | ||
| 020 | _a9788120336889 | ||
| 082 |
_a658.3 _bGOM |
||
| 100 | _a Gomez-Mejia, L. R. | ||
| 245 | _aManaging human resources | ||
| 250 | _a5th Ed. | ||
| 260 |
_aNew Delhi _bPHI Learning Pvt. Ltd. _c2010 |
||
| 300 |
_axxix, 639p. _bPBC |
||
| 650 | _aPersonnel management | ||
| 650 | _aManaging Diversity | ||
| 650 | _aEmployee Development | ||
| 942 | _cBK | ||